| 000 | 01264nam0a2200337 4500 | ||
|---|---|---|---|
| 001 | RU\NLR\bibl\66533 | ||
| 005 | 20260405175619.0 | ||
| 010 |
_a5-232-01042-5 _97000 |
||
| 021 |
_aRU _b1999-43146 _92121 |
||
| 035 | _a(NLR Aleph) 000064905 | ||
| 090 |
_a355377 _c355377 |
||
| 100 | _a20000118d1999 |||y0rusy50 ca | ||
| 101 | 1 |
_arus _cita |
|
| 102 | _aRU | ||
| 105 | _ay ||||||||| | ||
| 200 | 1 |
_aЛюбовь рода человеческого _dL'amore dei huomini _fПаоло Мантегацца _g[Пер. с итал. Л. Каневского] _zita |
|
| 210 |
_aМ. _cКРОН-ПРЕСС _d1999 |
||
| 215 |
_a542,[1] с. _d20 |
||
| 225 | 1 | _aЭкспресс | |
| 300 | _aАвт. также на итал. яз.: Paolo Mantegazza | ||
| 300 | _aНа обороте тит. л. авт.: П. Мантегацца, проф. этнографии и антропологии | ||
| 606 | 0 |
_aЛюбовь _91553946 _3RU\NLR\auth\66678931 |
|
| 686 | _aЮ703.13 | ||
| 700 | 1 |
_4070 _8rus _7ca _aМантегацца _bП. _f1831-1910 _gПаоло _3RU\NLR\auth\7776648 _959576 |
|
| 801 | 0 |
_aRU _bNLR _c20000118 _gPSBO |
|
| 801 | 1 |
_aRU _bNLR _c20000118 |
|
| 830 | _aАвт. по кн. | ||
| 852 |
_aNLR _j99-3/17102 |
||
| 942 | _cBOOK | ||
| 980 | _aNB | ||